| 000 | 01929nam0a2200385 4500 | ||
|---|---|---|---|
| 001 | RU\NLR\BIBL_A\011712339 | ||
| 005 | 20180620153840.0 | ||
| 010 |
_a978-5-94691-992-0 _9500 |
||
| 021 |
_aRU _bКН-П-18-030554 _9КН-П-18-2226 |
||
| 035 | _a(NLR Aleph) 011712339 | ||
| 035 | _a(RuMoRGB)009614824 | ||
| 090 |
_a11439979 _c11439979 |
||
| 100 | _a20180524d2018 k y0rusy50 ca | ||
| 101 | 0 | _arus | |
| 102 | _aRU | ||
| 105 | _aa z 000zy | ||
| 200 | 1 |
_aЭмерджентность сложных отраслевых систем _e[монография] _fП. А. Кохно, А. П. Кохно, Е. С. Тарасевич |
|
| 210 |
_aМосква _cГраница _d2018 |
||
| 215 |
_a379, [2] с. _cил., табл. _d21 |
||
| 225 | 1 | _aАвторский проект "Конкурентная корпоративная экономика России" | |
| 300 | _aВ вып. дан. 1-й и 2-й авт.: Кохно П. А., д.э.н., проф., Кохно А. П., к.э.н. | ||
| 320 | _aБиблиогр.: с. 368-379 (114 назв.) и в подстроч. примеч. | ||
| 606 | 1 |
_aНефтегазовая промышленность _xПредприятия _xУправление _2nlr_sh1 _2nlr_sh2 _3RU\NLR\AUTH\661372156 |
|
| 606 | 1 |
_aНефтегазовая промышленность _xЭкономическая эффективность _2nlr_sh2 _3RU\NLR\AUTH\661539324 |
|
| 686 |
_aУ9(2)305.652.0-139-07,0 _2rubbk |
||
| 686 | 1 | _aУ30(2)565.252-21 | |
| 686 | 1 | _aУ30(2)565.2-07 | |
| 700 | 1 |
_aКохно _bП. А. _cд-р экон. наук _f1952- _gПавел Антонович _3RU\NLR\AUTH\770189434 |
|
| 701 | 1 |
_aКохно _bА. П. _gАлина Павловна |
|
| 701 | 1 |
_aТарасевич _bЕ. С. _gЕлена Сергеевна |
|
| 942 | _cBOOK | ||
| 980 | _aNBR | ||
| 980 | _aNB | ||